| 000 | 00748nam a2200241Ia 4500 | ||
|---|---|---|---|
| 003 | OSt | ||
| 005 | 20220928111323.0 | ||
| 006 | a|||||r|||| 00| 0 | ||
| 007 | ta | ||
| 008 | 220927b |||||||| |||| 00| 0 eng d | ||
| 024 | _a10703 | ||
| 037 | _cTextual | ||
| 040 |
_aSDCL _cSDCL _beng |
||
| 041 |
_2eng _aeng |
||
| 082 | _aR641x7,1, P8 | ||
| 100 |
_aMishra Parthsarathi _9423190 |
||
| 245 | 0 |
_aShastradeepika _bTarkapad'Vimla' bhashabhabhahyamalankrit.Tr.Gajananashatri Musalaganvakar. |
|
| 260 |
_aVaranasi _bChukhamba Subharti Prakashan _c2008 |
||
| 300 |
_a731p _ccm. |
||
| 700 |
_a Sharma Vijay Ed. _9423191 |
||
| 942 |
_hR641x7,1, P8 _cTEXL _2CC |
||
| 999 |
_c739692 _d739692 |
||